<The> Dynamics of deposit euroization in european post-transition countries: evidence from threshold VAR

Analýza "euroizácie" domácich úspor v dvanástich európskych post-tranzitívnych ekonomikách pomocou prahových modelov. Vplyv výmenných kurzov a úrokového diferenciálu na euroizáciu domácich úspor v krajinách strednej a východnej Európy.

Guardado en:
Detalles Bibliográficos
Autor principal: Tkalec, Marina
Formato: Capítulo de libro
Lenguaje:inglés
Materias:
Etiquetas: Agregar Etiqueta
Sin Etiquetas, Sea el primero en etiquetar este registro!

MARC

LEADER 00000naa a2200000 4500
001 0157224
005 20231010120058.7
041 0 |a eng 
044 |a CZ 
245 1 0 |a <The> Dynamics of deposit euroization in european post-transition countries: evidence from threshold VAR  |c Marina Tkalec 
520 |a Analýza "euroizácie" domácich úspor v dvanástich európskych post-tranzitívnych ekonomikách pomocou prahových modelov. Vplyv výmenných kurzov a úrokového diferenciálu na euroizáciu domácich úspor v krajinách strednej a východnej Európy. 
610 2 0 |a kurz výmenný 
610 2 0 |a euro 
610 2 0 |a diferenciácia úroková 
610 2 0 |a krajiny tranzitívne 
610 2 0 |a modely 
100 1 |a Tkalec, Marina